La doctrina social de la Iglesia y la ciencia económica (Record no. 7028)

MARC details
000 -CABECERA
campo de control de longitud fija 00639nam a2200229 a 4500
001 - NÚMERO DE CONTROL
campo de control BRCA_7352
005 - FECHA Y HORA DE LA ÚLTIMA TRANSACCIÓN
campo de control 20190320205815.0
008 - DATOS DE LONGITUD FIJA--INFORMACIÓN GENERAL
campo de control de longitud fija 230213s1944----mx-#######---#000-0#spa-#
041 ## - CÓDIGO DE LENGUA
Código de lengua del texto/banda sonora o título independiente spa
044 ## - CÓDIGO DEL PAÍS DE LA ENTIDAD EDITORA/PRODUCTORA
Código MARC del país mx
050 #4 - SIGNATURA TOPOGRÁFICA DE LA BIBLIOTECA DEL CONGRESO
Número de clasificación HB72
Número de documento/Ítem .B63 1944
100 1# - ENTRADA PRINCIPAL--NOMBRE DE PERSONA
Nombre de persona Bodin, Charles
9 (RLIN) 18173
245 10 - MENCIÓN DE TÍTULO
Título La doctrina social de la Iglesia y la ciencia económica
Mención de responsabilidad, etc. Charles Bodin ; tr. de Luis de Garay.
260 ## - PUBLICACIÓN, DISTRIBUCIÓN, ETC.
Lugar de publicación, distribución, etc. México
Nombre del editor, distribuidor, etc. Jus
Fecha de publicación, distribución, etc. 1944
300 ## - DESCRIPCIÓN FÍSICA
Extensión 179 p.
440 #0 - MENCIÓN DE SERIE/PUNTO DE ACCESO ADICIONAL--TÍTULO
Título Pensamiento católico moderno
9 (RLIN) 18174
500 ## - NOTA GENERAL
Nota general Ejemplar numerado 18 de 250
500 ## - NOTA GENERAL
Nota general Q13
700 1# - PUNTO DE ACCESO ADICIONAL--NOMBRE DE PERSONA
Nombre de persona Garay, Luis de
Término indicativo de función/relación tr.
9 (RLIN) 18175
902 ## - CATALOGADOR
Iniciales GFM
942 ## - ELEMENTOS DE PUNTO DE ACCESO ADICIONAL (KOHA)
Fuente del sistema de clasificación o colocación Library of Congress Classification
Tipo de ítem Koha Libros
Holdings
Estado de retiro Estado de pérdida Estado dañado No para préstamo Localización permanente Ubicación/localización actual Fecha de adquisición Número de inventario Total de préstamos Signatura topográfica completa Código de barras Fecha visto por última vez Precio válido a partir de Tipo de ítem Koha
El ejemplar forma parte de la colección y puede ser consultado según las políticas vigentes.       Biblioteca del Museo Franz Mayer (Rogerio Casas-Alatriste) Biblioteca del Museo Franz Mayer (Rogerio Casas-Alatriste) 23/02/2013 Q13   HB72 .B63 1944 (Q13) 7949 22/03/2019 22/03/2019 Libros